[Event "Paracin Prestige op"]
[Site "Paracin"]
[Date "2024.01.15"]
[Round "1"]
[White "Schlegel, Igor"]
[Black "Phatak, Aanjaneya"]
[Result "1-0"]
[WhiteElo "2239"]
[BlackElo "1974"]
[PlyCount "65"]
[EventDate "2024.01.15"]
[EventType "swiss"]
[EventRounds "9"]
[EventCountry "SRB"]
[SourceTitle "CB05_2024"]
[SourceDate "2024.01.31"]
[SourceVersion "1"]
[SourceVersionDate "2024.01.31"]
[SourceQuality "1"]

1. e4 c5 2. Nf3 d6 3. d4 cxd4 4. Nxd4 Nf6 5. Nc3 g6 6. Be3 Bg7 7. f3 0-0 8. Qd2 Nc6 9. 0-0-0 d5 10. exd5 Nxd5 11. Nxc6 bxc6 12. Bd4 e5 13. Bc5 Be6 14. Ne4 Re8 15. h4 h5 16. Bc4 Nf4 17. Bxe6 Nxe6 18. Qc3 Nd4 19. Kb1 f5 20. Nd6 Re6 21. Rxd4 exd4 22. Qb3 Qf6 23. Re1 d3 24. Rxe6 Qxb2+ 25. Qxb2 d2 26. Qxg7+ Kxg7 27. Nxf5+ gxf5 28. Rd6 Rb8+ 29. Ka1 Rb5 30. Be3 Re5 31. Bxd2 Re2 32. Bc3+ Kh7 33. Rd2 1-0

[Event "Belgrade Radnicki IM 07"]
[Site "Belgrade"]
[Date "2023.07.31"]
[Round "6"]
[White "Gkavardinas, Antonios"]
[Black "Phatak, Aanjaneya"]
[Result "1-0"]
[WhiteElo "2146"]
[BlackElo "2040"]
[PlyCount "133"]
[EventDate "2023.07.26"]
[EventType "schev"]
[EventRounds "9"]
[EventCountry "SRB"]
[SourceTitle "CBM 215 Extra"]
[Source "ChessBase"]
[SourceDate "2023.09.30"]
[SourceVersion "1"]
[SourceVersionDate "2023.09.30"]
[SourceQuality "1"]

1. e4 c5 2. Nf3 d6 3. d4 cxd4 4. Nxd4 Nf6 5. Nc3 g6 6. g3 Nc6 7. Bg2 Nxd4 8. Qxd4 Bg7 9. 0-0 0-0 10. a4 Be6 11. Qd1 Bg4 12. f3 Qb6+ 13. Kh1 Be6 14. a5 Qc5 15. Re1 Rfc8 16. Be3 Qh5 17. g4 Qh4 18. Qd2 h6 19. a6 bxa6 20. Ra5 Nd7 21. Bf2 Qf6 22. f4 Bxg4 23. e5 dxe5 24. fxe5 Qe6 25. Bxa8 Rxa8 26. Qd5 Qf5 27. Qxa8+ Kh7 28. Kg2 Bh3+ 29. Kg1 Nxe5 30. Raxe5 Bxe5 31. Qe4 Qg5+ 32. Kh1 f5 33. Qf3 Bg4 34. Qe3 f4 35. Qe4 Bd6 36. h4 Qh5 37. Kh2 Bf5 38. Qc4 Kg7 39. Qd4+ Kf7 40. Qd5+ Kf8 41. Kg1 Qg4+ 42. Qg2 Qh5 43. Qa8+ Kf7 44. Qd5+ Kf8 45. Rd1 Qg4+ 46. Qg2 h5 47. Rd4 Bc7 48. Kf1 e5 49. Qa8+ Kg7 50. Rc4 Bd6 51. Rc6 Qh3+ 52. Ke2 e4 53. Qxa7+ Kg8 54. Rxd6 Bg4+ 55. Ke1 Qh1+ 56. Bg1 Qxh4+ 57. Qf2 Qh1 58. Rd8+ Kh7 59. Qa7+ Bd7 60. Qxd7+ Kh6 61. Rh8+ Kg5 62. Qd5+ Kg4 63. Qxe4 Qxg1+ 64. Kd2 g5 65. Qe6+ Kf3 66. Qe2+ Kg3 67. Ne4+ 1-0

[Event "Belgrade Radnicki IM 07"]
[Site "Belgrade"]
[Date "2023.07.30"]
[Round "5"]
[White "Phatak, Aanjaneya"]
[Black "Mijailovic, Zoran"]
[Result "1-0"]
[WhiteElo "2040"]
[BlackElo "2322"]
[PlyCount "89"]
[EventDate "2023.07.26"]
[EventType "schev"]
[EventRounds "9"]
[EventCountry "SRB"]
[SourceTitle "CBM 215 Extra"]
[Source "ChessBase"]
[SourceDate "2023.09.30"]
[SourceVersion "1"]
[SourceVersionDate "2023.09.30"]
[SourceQuality "1"]

1. e4 e6 2. d4 d5 3. Nc3 Bb4 4. e5 c5 5. a3 Bxc3+ 6. bxc3 Qa5 7. Bd2 Qa4 8. Qb1 c4 9. Be2 Nc6 10. Nh3 Bd7 11. 0-0 0-0-0 12. f4 Nge7 13. Nf2 Rdf8 14. Nd1 f6 15. Nb2 Qa5 16. a4 Nxd4 17. Bxc4 dxc4 18. Nxc4 Ne2+ 19. Kh1 Qa6 20. Qb3 Nf5 21. Rfe1 Bc6 22. Qb4 Bd5 23. Na3 Nh4 24. h3 Bxg2+ 25. Kh2 Bc6 26. Rf1 Nf3+ 27. Rxf3 Bxf3 28. Nb5 Qb6 29. Rf1 Kb8 30. Be3 a5 31. Qxf8+ Rxf8 32. Bxb6 Bh5 33. Bxa5 fxe5 34. Bc7+ Kc8 35. Bxe5 g5 36. Rd1 b6 37. Na7+ Kb7 38. Rd7+ Ka6 39. Nb5 Rf7 40. Rd8 Nxf4 41. Nd6 Ra7 42. Rb8 Bf3 43. Bd4 Bb7 44. a5 Ra8 45. Rxb7 1-0

[Event "Belgrade Radnicki IM 07"]
[Site "Belgrade"]
[Date "2023.07.29"]
[Round "4"]
[White "Svicevic, Rastko"]
[Black "Phatak, Aanjaneya"]
[Result "0-1"]
[WhiteElo "2154"]
[BlackElo "2040"]
[PlyCount "76"]
[EventDate "2023.07.26"]
[EventType "schev"]
[EventRounds "9"]
[EventCountry "SRB"]
[SourceTitle "CBM 215 Extra"]
[Source "ChessBase"]
[SourceDate "2023.09.30"]
[SourceVersion "1"]
[SourceVersionDate "2023.09.30"]
[SourceQuality "1"]

1. e4 c5 2. Nf3 d6 3. Bb5+ Bd7 4. c4 Nf6 5. Nc3 g6 6. 0-0 Bg7 7. d4 cxd4 8. Nxd4 0-0 9. Bxd7 Qxd7 10. h3 Rc8 11. b3 b5 12. e5 Ne8 13. e6 fxe6 14. Ncxb5 a6 15. Na3 d5 16. Qg4 e5 17. Qe6+ Qxe6 18. Nxe6 d4 19. c5 Bf6 20. Nc4 Rc6 21. Ng5 Rxc5 22. Ne4 Rc6 23. a4 Nd7 24. Ba3 Rb8 25. g4 g5 26. h4 h6 27. hxg5 hxg5 28. Rfe1 Kf7 29. Ra2 Kg6 30. Rb2 Nc7 31. Ned2 Nd5 32. Nf3 Nf4 33. Rc2 Kg7 34. Ra2 Nd3 35. Ree2 Rxb3 36. Ncd2 Rb8 37. Ne4 Rb1+ 38. Kh2 Rc8 0-1

[Event "Paracin op 16th"]
[Site "Paracin"]
[Date "2023.07.10"]
[Round "4"]
[White "Wu, Yang"]
[Black "Phatak, Aanjaneya"]
[Result "1-0"]
[WhiteElo "2208"]
[BlackElo "2040"]
[PlyCount "63"]
[EventDate "2023.07.07"]
[EventType "swiss"]
[EventRounds "9"]
[EventCountry "SRB"]
[SourceTitle "EXT 2024"]
[Source "ChessBase"]
[SourceDate "2023.10.10"]
[SourceVersion "1"]
[SourceVersionDate "2023.10.10"]
[SourceQuality "1"]

1. e4 c5 2. Nf3 d6 3. d4 cxd4 4. Nxd4 Nf6 5. Nc3 g6 6. f4 Nc6 7. Nf3 Bg7 8. Bd3 0-0 9. 0-0 b5 10. Qe1 Nb4 11. e5 Nxd3 12. cxd3 dxe5 13. fxe5 Ng4 14. d4 Bb7 15. Ne2 Nh6 16. Bf4 Nf5 17. Rd1 e6 18. Nc3 h6 19. g4 Ne7 20. Nxb5 Ba6 21. a4 Bxb5 22. axb5 Rb8 23. Qh4 Rxb5 24. Bxh6 Nf5 25. Qxd8 Rxd8 26. Bg5 f6 27. exf6 Nxd4 28. f7+ Kf8 29. Bxd8 Rd5 30. Nxd4 Bxd4+ 31. Rxd4 Rxd4 32. Be7+ 1-0

[Event "Paracin op 16th"]
[Site "Paracin"]
[Date "2023.07.08"]
[Round "2"]
[White "Geivondian, Arman"]
[Black "Phatak, Aanjaneya"]
[Result "1/2-1/2"]
[WhiteElo "2356"]
[BlackElo "2040"]
[PlyCount "74"]
[EventDate "2023.07.07"]
[EventType "swiss"]
[EventRounds "9"]
[EventCountry "SRB"]
[SourceTitle "EXT 2024"]
[Source "ChessBase"]
[SourceDate "2023.10.10"]
[SourceVersion "1"]
[SourceVersionDate "2023.10.10"]
[SourceQuality "1"]

1. d4 Nf6 2. Bg5 Ne4 3. Bf4 c5 4. f3 Nf6 5. d5 Qb6 6. Nc3 g6 7. e4 d6 8. a4 Bg7 9. Nge2 0-0 10. a5 Qd8 11. Qd2 Na6 12. Ng3 b6 13. Bc4 Nb4 14. h4 e6 15. 0-0 exd5 16. exd5 Nd7 17. Bg5 f6 18. Bf4 Ne5 19. Bxe5 fxe5 20. Nce4 b5 21. Bxb5 Qxh4 22. c3 Bh6 23. Qe2 Nxd5 24. Bc4 Be6 25. Bxd5 Bxd5 26. Rfd1 Bb3 27. Rxd6 Rad8 28. Qf2 Rxd6 29. Nxd6 Bf4 30. Nf1 Qxf2+ 31. Kxf2 Rb8 32. g3 Bh6 33. Ne3 Be6 34. Nd1 Bb3 35. Ne3 Be6 36. Nd1 Rf8 37. Ne3 Rb8 1/2-1/2

[Event "Paracin op 16th"]
[Site "Paracin"]
[Date "2023.07.08"]
[Round "3"]
[White "Phatak, Aanjaneya"]
[Black "Harshad, S."]
[Result "1/2-1/2"]
[WhiteElo "2040"]
[BlackElo "2222"]
[PlyCount "42"]
[EventDate "2023.07.07"]
[EventType "swiss"]
[EventRounds "9"]
[EventCountry "SRB"]
[SourceTitle "EXT 2024"]
[Source "ChessBase"]
[SourceDate "2023.10.10"]
[SourceVersion "1"]
[SourceVersionDate "2023.10.10"]
[SourceQuality "1"]

1. e4 c5 2. Nf3 d6 3. d4 cxd4 4. Nxd4 Nf6 5. Nc3 Bd7 6. Be2 Nc6 7. Be3 a6 8. h3 Nxd4 9. Qxd4 e5 10. Qd2 Be7 11. g4 Bc6 12. Bf3 0-0 13. g5 Nd7 14. 0-0-0 f5 15. gxf6 Nxf6 16. Rhg1 Kh8 17. Rg3 Rf7 18. Rdg1 Bf8 19. Bh1 Be7 20. Bf3 Bf8 21. Bh1 Be7 1/2-1/2

[Event "Belgrade Radnicki IM 03"]
[Site "Belgrade"]
[Date "2023.03.27"]
[Round "4"]
[White "Djokic, Nenad"]
[Black "Phatak, Aanjaneya"]
[Result "0-1"]
[WhiteElo "2246"]
[BlackElo "1981"]
[PlyCount "60"]
[EventDate "2023.03.24"]
[EventType "tourn"]
[EventRounds "9"]
[EventCountry "SRB"]
[SourceTitle "CBM 213 Extra"]
[Source "ChessBase"]
[SourceDate "2023.05.31"]
[SourceVersion "1"]
[SourceVersionDate "2023.05.31"]
[SourceQuality "1"]

1. d4 Nf6 2. Nf3 g6 3. c4 Bg7 4. Nc3 0-0 5. e4 d6 6. Be2 e5 7. Be3 Ng4 8. Bg5 f6 9. Bh4 Nc6 10. d5 Ne7 11. Nd2 f5 12. Bxg4 fxg4 13. Bg5 h6 14. Be3 c5 15. 0-0 g5 16. a4 a5 17. f3 gxf3 18. Nxf3 Ng6 19. Nb5 Nf4 20. Ra3 Bg4 21. Bd2 Bh5 22. g3 Nh3+ 23. Kg2 Bg4 24. Ra1 Qd7 25. Qb3 Rf7 26. Ng1 Raf8 27. Rxf7 Qxf7 28. Be3 Bf3+ 29. Nxf3 Qxf3+ 30. Kxh3 Bf6 0-1

[Event "Arandjelovac op 1st"]
[Site "Arandjelovac"]
[Date "2023.03.21"]
[Round "8"]
[White "Bryakin, Mikhail"]
[Black "Phatak, Aanjaneya"]
[Result "1-0"]
[WhiteElo "2474"]
[BlackElo "1981"]
[PlyCount "69"]
[EventDate "2023.03.15"]
[EventType "swiss"]
[EventRounds "9"]
[EventCountry "SRB"]
[SourceTitle "CBM 213 Extra"]
[Source "ChessBase"]
[SourceDate "2023.05.31"]
[SourceVersion "1"]
[SourceVersionDate "2023.05.31"]
[SourceQuality "1"]

1. c4 c5 2. Nf3 Nc6 3. d4 cxd4 4. Nxd4 Nf6 5. Nc3 e6 6. e4 Bc5 7. Nb3 Bb4 8. Bd3 0-0 9. 0-0 Ne5 10. Be2 Ng6 11. Qc2 b6 12. f4 d6 13. Bd3 Bb7 14. Ne2 d5 15. cxd5 exd5 16. e5 Rc8 17. Qd1 Ne4 18. Nbd4 Qe7 19. a3 Bc5 20. b4 Nc3 21. Qd2 Nxe2+ 22. Bxe2 Bxd4+ 23. Qxd4 f6 24. Bb2 fxe5 25. fxe5 Qg5 26. Bf3 Kh8 27. Rae1 Rc4 28. Qf2 Nh4 29. Qg3 Qd2 30. Bg4 Re8 31. Re2 Qh6 32. Bd7 Rg8 33. e6 Qh5 34. Qxg7+ Rxg7 35. Rf8# 1-0

[Event "Arandjelovac op 1st"]
[Site "Arandjelovac"]
[Date "2023.03.16"]
[Round "3"]
[White "Phatak, Aanjaneya"]
[Black "Petrovic, Aleksa"]
[Result "0-1"]
[WhiteElo "1981"]
[BlackElo "2254"]
[PlyCount "80"]
[EventDate "2023.03.15"]
[EventType "swiss"]
[EventRounds "9"]
[EventCountry "SRB"]
[SourceTitle "CBM 213 Extra"]
[Source "ChessBase"]
[SourceDate "2023.05.31"]
[SourceVersion "1"]
[SourceVersionDate "2023.05.31"]
[SourceQuality "1"]

1. e4 d6 2. d4 Nf6 3. Nc3 Nbd7 4. Nge2 e5 5. h3 h5 6. Be3 c6 7. Qd2 b5 8. a3 Qc7 9. g3 a6 10. Bg2 Be7 11. 0-0 c5 12. d5 Nb6 13. b3 Bb7 14. Rad1 0-0-0 15. a4 bxa4 16. Nxa4 Nxa4 17. bxa4 Rde8 18. Rb1 Bd8 19. Rb3 Kd7 20. Rfb1 Bc8 21. c4 Ke7 22. f4 Nd7 23. Qc2 h4 24. g4 exf4 25. Bxf4 Kf8 26. g5 Kg8 27. Nc1 Rh5 28. Qd2 Ne5 29. Bf1 Ng6 30. Be3 Rxe4 31. Be2 Rxe3 32. Qxe3 Rxg5+ 33. Kh2 Re5 34. Qf3 Bg5 35. Nd3 Re3 36. Qh5 Rxh3+ 37. Kg2 Bf6 38. Rb8 Rxd3 39. Bxd3 Nf4+ 40. Kh1 Nxh5 0-1

[Event "IND-ch 59th"]
[Site "New Delhi"]
[Date "2022.12.30"]
[Round "9"]
[White "Phatak, Aanjaneya"]
[Black "Mohit, Kumar Soni"]
[Result "1-0"]
[WhiteElo "2081"]
[BlackElo "1773"]
[PlyCount "96"]
[EventDate "2022.12.22"]
[EventType "swiss"]
[EventRounds "13"]
[EventCountry "IND"]
[SourceTitle "CBM 211 Extra"]
[Source "ChessBase"]
[SourceDate "2023.01.31"]
[SourceVersion "1"]
[SourceVersionDate "2023.01.31"]
[SourceQuality "1"]

1. e4 c5 2. Nf3 Nc6 3. d4 cxd4 4. Nxd4 g6 5. c4 Bg7 6. Be3 Nf6 7. Nc3 0-0 8. Be2 d6 9. 0-0 Bd7 10. Qd2 Nxd4 11. Bxd4 Bc6 12. f3 a5 13. b3 Nd7 14. Bf2 Nc5 15. Rab1 f5 16. exf5 Rxf5 17. a3 a4 18. b4 Nb3 19. Qd3 d5 20. Rfd1 d4 21. b5 Nc5 22. Qc2 Be8 23. Rb4 e5 24. Nxa4 Rxa4 25. Rxa4 e4 26. fxe4 Rxf2 27. Kxf2 Qh4+ 28. Kg1 Be5 29. g3 Bxg3 30. Bf3 Nxa4 31. hxg3 Qxg3+ 32. Qg2 Qe5 33. Qf2 Qg5+ 34. Bg2 Nc3 35. Rxd4 Qc1+ 36. Kh2 Qh6+ 37. Bh3 Qg5 38. Rd3 Nxe4 39. Be6+ Kg7 40. Qd4+ Nf6 41. Rf3 Qh6+ 42. Kg2 g5 43. a4 Bh5 44. Qxf6+ Qxf6 45. Rxf6 Kxf6 46. Bd5 Ke5 47. a5 Kd6 48. a6 Kc7 1-0